| 000 | 00443nam a2200169Ia 4500 | ||
|---|---|---|---|
| 001 | 29789 | ||
| 003 | IN-NITTTR | ||
| 005 | 20251114233405.0 | ||
| 008 | 251113s9999||||xx |||||||||||||| ||eng|| | ||
| 040 | _beng | ||
| 040 | _cIN-NITTTR | ||
| 041 | _aeng | ||
| 082 | _a658.562 K205T | ||
| 100 | _aKelly, John M. | ||
| 245 | 0 |
_aTotal quality management : _b a how-to program for the high-performance business / _cKelly, John M. |
|
| 942 |
_2ddc _cBK |
||
| 999 |
_c32417 _d32417 |
||